| 000 | 01327cam a2200301 a 4500 | ||
|---|---|---|---|
| 999 |
_c10890 _d10890 |
||
| 001 | 14483589 | ||
| 003 | OSt | ||
| 005 | 20191219155554.0 | ||
| 008 | 060807s2006 ii b 101 0 eng | ||
| 020 | _a9788180692734 | ||
| 040 | _coclc | ||
| 082 |
_a338.954 _bDHI/E |
||
| 100 |
_9596 _aDhindsa, K S |
||
| 111 | 2 |
_aSeminar: Emerging Trends in Indian Economy _d(1997 : _cAmritsar, India) |
|
| 245 | 1 | 0 |
_aEconomic Reform And Development / _cK S Dhindsa ; Anju Sharma |
| 260 |
_aNew Delhi : _bConcept Publishing Company, _c2005. |
||
| 300 | _a375 p. | ||
| 500 | _aPapers presented at the Seminar: Emerging Trends in Indian Economy held at Amritsar during 28-29 March 1997 and Seminar: Economic Reforms in India, held at Jalandhar during 3-4 April 1998"--T.p. verso. | ||
| 504 | _aIncludes bibliographical references and index. | ||
| 651 | 0 |
_aIndia _xEconomic policy _y1991- _vCongresses. |
|
| 651 | 0 |
_aIndia _xEconomic conditions _y1947- _vCongresses. |
|
| 700 | 1 | _aDhindsa, K. S. | |
| 700 | 1 | _aSharma, Anju. | |
| 711 | 2 |
_aSeminar: Economic Reforms in India _d(1998 : _cJalandhar (Punjab, India)) |
|
| 856 | 4 | 1 |
_3Table of contents only _uhttp://www.loc.gov/catdir/toc/fy0701/2006413556.html |
| 906 |
_a7 _bcbc _corigode _d3 _encip _f20 _gy-gencatlg |
||
| 942 |
_2ddc _cBK _h338.954 _iDHI/E _k338.954 _mDHI/E |
||